000
00265nam a2200097Ia 4500
008
170619s9999 xx 000 0 und d
100
_a
Taylor- E. Openshaw
245
4
_a
The performance and design of A C communication mot.
260
_b
Wheeler Publication
260
_c
2000
546
_a
ENGLISH
999
_c
17972
_d
17972